书目信息 |
| 题名: |
机动车驾驶员培训教材
|
|
| 作者: | 戴佳林 主编 | |
| 分册: | ||
| 出版信息: | 峨嵋 西南交通大学出版社 1994.08 |
|
| 页数: | 364页 | |
| 开本: | 16开 | |
| 丛书名: | ||
| 单 册: | ||
| 中图分类: | U469 | |
| 科图分类: | ||
| 主题词: | 汽车工程 | |
| 电子资源: | ||
| ISBN: | 7-81022-716-5 | |
| 000 | 00577nam0 2200193 45 | |
| 001 | 1009060920 | |
| 005 | 20100906091601.7 | |
| 010 | @a7-81022-716-5@d25.00元 | |
| 100 | @a20100906d1994 km y0chiy0120 ea | |
| 101 | 0 | @achi |
| 105 | @a z 000yy | |
| 200 | 1 | @a机动车驾驶员培训教材@AJi Dong Che Jia Shi Yuan Pei Xun Jiao Cai@f戴佳林等主编@FDai Jia Lin Deng Zhu Bian |
| 210 | @a峨嵋@c西南交通大学出版社@d1994.08 | |
| 215 | @a364页@d16开 | |
| 606 | 0 | @a汽车工程 |
| 690 | @aU469@v3 | |
| 701 | 0 | @a戴佳林@4主编 |
| 801 | @aCN@bPftUser@c20100906 | |
| 905 | @b129268-272@dU469@eD451@f5 | |
| 机动车驾驶员培训教材/戴佳林等主编.-峨嵋:西南交通大学出版社,1994.08 |
| 364页;16开 |
| ISBN 7-81022-716-5:25.00元 |
| ● |
| 相关链接 |
|
|
|
正题名:机动车驾驶员培训教材
索取号:U469/D451
 
预约/预借
| 序号 | 登录号 | 条形码 | 馆藏地/架位号 | 状态 | 备注 |
| 1 | 129268 | 201292680 | 自科二线400A/400A自科库 32排2列5层/ [索取号:U469/D451] | 在馆 | |
| 2 | 129269 | 201292699 | 自科库501/501自科库 56排4列4层/ [索取号:U469/D451] | 在馆 | |
| 3 | 129270 | 201292706 | 自科二线400A/400A自科库 32排2列5层/ [索取号:U469/D451] | 在馆 | |
| 4 | 129271 | 201292715 | 自科库501/501自科库 56排4列4层/ [索取号:U469/D451] | 在馆 | |
| 5 | 129272 | 201292724 | 自科二线400A/400A自科库 32排2列5层/ [索取号:U469/D451] | 在馆 |